| 000 | 00737nam a2200229Ia 4500 | ||
|---|---|---|---|
| 003 | OSt | ||
| 005 | 20230927105257.0 | ||
| 008 | 210716s2011 xx 000 0 und d | ||
| 020 | _a9781934356364 | ||
| 040 | _cAIMIT LIBRARY | ||
| 041 | _aeng | ||
| 082 |
_22 _a005.13 _bPINC |
||
| 100 |
_aPine, Chris. _9135276 |
||
| 245 |
_aLearn to program / _cBy Chris Pine. |
||
| 250 | _a2nd ed. | ||
| 260 |
_aMumbai : _bShroff Publishers and Distributors Pvt Ltd , _c2011. |
||
| 300 |
_axviii,216,2p. ; _bPB _c23 cm. |
||
| 650 |
_aReading and writing saving and loading yin and .. _9135277 |
||
| 650 |
_aCreating new classes changing existing ones _9135278 |
||
| 650 |
_aBeyond this fine book _9135279 |
||
| 942 |
_2ddc _cBK _e2nd ed. _k005.13 PINC |
||
| 999 |
_c192546 _d192546 |
||